000
00370nam a2200145Ia 4500
008
231129s1987||||xx |||||||||||||| ||spa||
020
_a
958-14-0172-5
040
_b
spa
082
_a
Co863 G643pa
100
_a
Gonzalez Tomas
245
0
_a
Para antes del olvido
260
_c
1987
264
_a
Plaza y Janes
942
_2
ddc
_c
BKS
999
_c
22381
_d
22381